000 00460nam a2200193Ia 4500
005 20250425161243.0
008 250425s9999 xx 000 0 und d
020 _a0070539057
041 _aeng
082 _a620.0042
100 _aROSENBERG, RONALD
245 0 _aINTRODUCTION TO PHYSICS SYSTEM DYNAMICS
250 _aS.E.
260 _aEstados Unidos
_bMCGRAW - HILL
_c1983
260 _aNEW YORK
300 _a429
942 _c01
010 _a16192
999 _c205512
_d205512